000 01026nam a22003257a 4500
003 CHAP
005 20220329140453.0
008 971013s1979 r 00010 d
010 _a52435
011 _a53407
035 _a57557
040 _cCHAP
090 _aFolleto 1916
100 0 0 _aFerreira, Mitzi Brandao.
_940391
245 _aPlantas daninhas de pastagens no estado de Minas Gerais e recomendacoes para seu controle
260 _aBelo Horizonte :
_b(s.e.),
_c1979
300 _a43 p.
590 _aBATCH-UPD
_b10
_c20130110
_lUCH01
_h0509
590 _aBATCH-UPD
_b10
_c20130410
_lUCH01
_h0148
590 _aBATCH-UPD
_b10
_c20130914
_lUCH01
_h1357
590 _aCONVERSION
_b10
_c20130109
_lUCH01
_h1328
650 1 4 _aHerbicidas.
_953691
650 1 4 _aMalas hierbas.
_969996
650 1 4 _aMalas hierbas
_xBrasil.
_970002
650 1 4 _aPastos
_xMalas hierbas.
_986056
700 0 _aLaca-Buendía, Julio Pedro.
_964318
901 _aBK
942 _cFOLL
949 _aFolleto 1916
_bBC
_cFOLL
_d-125143
_eTS1
_i57557
_si
999 _c52435
_d52435